000 nam a22 7a 4500
999 _c95258
_d95257
005 20180606182028.0
008 180606b ||||| |||| 00| 0 eng d
080 _a54(048.1)(05)
_bCHE.112/2324
110 _aThe American Chemical Society
245 _aChemical Abstracts
250 _aVol.112
260 _aColumbus
_bAmerican Chemical Society
_c1990
653 _aChemistry-Journal
942 _cBV